Eurípides y su tiempo
Guardat en:
| Autor principal: | |
|---|---|
| Format: | Llibre |
| Idioma: | espanyol |
| Publicat: |
Ciudad de México
Fondo de Cultura Económica
1949
|
| Edició: | 1a. ed |
| Col·lecció: | Brevarios, 7
|
| Matèries: | |
| Etiquetes: |
Afegir etiqueta
Sense etiquetes, Sigues el primer a etiquetar aquest registre!
|
MARC
| LEADER | 00000cam a2200000 a 4500 | ||
|---|---|---|---|
| 001 | UCE6442 | ||
| 003 | CL-VaPUC | ||
| 008 | 150409e19490000mx |||||||||||||||||spa|d | ||
| 020 | |a 9786071619686 | ||
| 082 | 0 | 4 | |a 882.09 |b MUR |2 21 |
| 100 | |a Murray, Gilbert |e autor |9 420997 | ||
| 245 | 1 | 0 | |a Eurípides y su tiempo |
| 250 | |a 1a. ed | ||
| 300 | |a 201 p | ||
| 942 | |c BK | ||
| 945 | |d 20150409 10:07:00 |a arojas | ||
| 260 | |a Ciudad de México |b Fondo de Cultura Económica |c 1949 | ||
| 600 | 0 | 7 | |a EURIPIDES |2 CL-VaPUC |9 269419 |
| 650 | 7 | |a DRAMAS GRIEGOS |2 CL-VaPUC |9 579111 | |
| 650 | 0 | |a Historia y crítica |9 257407 | |
| 583 | |a last modification |c 20150409 10:07:00 |k Rodrigo Vera | ||
| 490 | 0 | |a Brevarios, 7 | |
| 999 | |c 358774 |d 358772 | ||
| 952 | |0 0 |1 0 |3 erb |4 0 |6 882_090000000000000_MUR_1949 |7 0 |8 A |9 467663 |a BIBHIS |b BIBHIS |i 5145465 |o 882.09 MUR 1949 |p 5145465 |r 2025-01-20 |w 2019-11-23 |y BK |z Catalogado en:20150409 |k HIS | ||